000 00454nam a2200157 i 4500
001 71033
003 ES-MaACL
005 20230906171010.0
007 t|
008 040805s1966 xxu ||||1| eng d
100 1 _aGasiorowicz, Stephen.
_955872
245 1 0 _aElementary particle physics /
_cStephen Gasiorowicz.
260 _aNew York :
_bJohn Wiley and Sons,
_c[1966]
300 _aXX, 613 p. :
_bil. ;
_c24 cm.
852 _aES-MaACL
_jC-56352
_bR.88988
999 _c71033
_d71033